000 00503nmm a2200169Ia 4500
008 251105s9999||||xx |||||||||||||||||und||
020 _a9786071680440
041 _aspa
100 _aGedovius, Juan
245 0 _aTodo mal
264 _a[México D.C., Mexico] :
_bFondo de Cultura Económica,
_c2023
300 _a30 páginas
490 _aLos Especiales de A la Orilla del Viento
650 _aTeen & Young Adult Fiction
856 _uhttps://public.digitaliapublishing.com/a/156425
942 _cCF
999 _c75691
_d75691